Difficult patients / (Record no. 7056)

MARC details
000 -LEADER
fixed length control field 00795cam a2200253 4500
001 - CONTROL NUMBER
control field 8183
005 - DATE AND TIME OF LATEST TRANSACTION
control field 20181127185322.0
008 - FIXED-LENGTH DATA ELEMENTS--GENERAL INFORMATION
fixed length control field 000214s2000 enka b 001 0 eng c
010 ## - LIBRARY OF CONGRESS CONTROL NUMBER
LC control number 00024404
020 ## - INTERNATIONAL STANDARD BOOK NUMBER
International Standard Book Number 0750638389
082 00 - DEWEY DECIMAL CLASSIFICATION NUMBER
Classification number 610.73/06/99
Edition number 21
100 1# - MAIN ENTRY--PERSONAL NAME
Personal name Duxbury, Joy.
245 10 - TITLE STATEMENT
Title Difficult patients /
Statement of responsibility, etc. Joy Duxbury.
260 ## - PUBLICATION, DISTRIBUTION, ETC.
Place of publication, distribution, etc. Oxford ;
-- Boston :
Name of publisher, distributor, etc. Butterworth-Heinemann,
Date of publication, distribution, etc. 2000.
300 ## - PHYSICAL DESCRIPTION
Extent viii, 181 p. :
Other physical details ill. ;
Dimensions 22 cm.
504 ## - BIBLIOGRAPHY, ETC. NOTE
Bibliography, etc. note Includes bibliographical references (p. [171]-175) and index.
650 #0 - SUBJECT ADDED ENTRY--TOPICAL TERM
Topical term or geographic name entry element Nurse and patient.
Topical term or geographic name entry element Nursing
General subdivision Psychological aspects.
Topical term or geographic name entry element Sick
General subdivision Psychology.
Topical term or geographic name entry element Nurse-Patient Relations.
Topical term or geographic name entry element Nursing Care
General subdivision methods.
Topical term or geographic name entry element Patients
General subdivision psychology.
Holdings
Withdrawn status Lost status Source of classification or shelving scheme Damaged status Not for loan Collection code Home library Current library Shelving location Serial Enumeration / chronology Inventory number Total Checkouts Total Renewals Full call number Barcode Date last seen Date last checked out Price effective from Koha item type
    Dewey Decimal Classification     Main TEST RTC Library RTC Library Main opac 12304 2 3 610.7 DUX 30012969 18/11/2019 11/10/2019 27/11/2018 Main
Royal Thimphu College || All Right Reserved